1460 1221 1590 1874 1986 1837 1305 1007 1659 1771 1196 1193 1512 1425 1648 1804 1389 1158 1956 1909 1546 1449 1046 1968 1383 1803 1281 1936 1049 1662 1470 1804 1489 1839 1996 1385 1493 1392 1291 1244 1098 1254 1043 1172 1551 1790 1298 1881 1556 1232 1466 1092 1451 1499 1845 1416 1790 1322 1860 1926 1328 1432 1309 1414 1032 1417 1263 1458 1996 1457 1700 1783 1544 1322 1600 1815 1964 1555 1561 1139 1616 1091 1066 1594 1506 1902 1926 1696 1790 1873 1266 1317 1934 1504 1841 1087 1199 1335 1729 BCNSPRNW ULIB Ver.6.0+V

เปลี่ยนเป็นภาษาไทย

Change to English
 แสดงรายละเอียดบรรณานุกรม
  กลับหน้าหลัก

Brief Record : Get Marc (ISO 2709) : E-mail record : QR code < ปิดหน้าต่าง
LEADER : 00000nam 2200000uu 4500
001    13399110195
003     ULIB
008    110425s2547||||th 000 0 tha d
020    9748317943
060 04 WL346^bก835ม 2547
100 0  มนูญ บัญชรเทวกุล
245 10 อาการอัมพาตหรืออัมพฤกษ์ครึ่งซีก :^bพยากรณ์การฟื้นตัวเองของผู้ป่วยแนวทางการรักษาทางกายภาพบำบัด /^cมนูญ บัญชรเทวกุล
250    พิมพ์ครั้งที่ 3
260    กรุงเทพฯ :^bหมอชาวบ้าน ;^c2547
300    93 หน้า :^bภาพประกอบ ;^c21 ซม.
650  7 อัมพาตครึ่งซีก
650  7 กายภาพบำบัด
945    ^p110^l0^i017758
945    ^p110^l0^i017757
995    ทศพร
999 ^a ใช้งานได้ทุกระบบ
รายการนี้ยังไม่มีแท็ก
คุณยังไม่ได้ล็อกอิน คุณสามารถมีกิจกรรมร่วมกับเว็บไซต์ได้ แต่ต้องล็อกอินก่อน ::
  ล็อกอิน

รายการสื่อสารสนเทศ

ลำดับที่ ประเภท เลขเรียก/บาร์โค้ด สถานที่ สถานะ
- ไม่พบข้อมูล -

รายการใกล้เคียง
    ผู้แต่ง [มนูญ บัญชรเทวกุล]

    หัวเรื่อง [อัมพาตครึ่งซีก]
    หัวเรื่อง [กายภาพบำบัด]

BibComment


ยังไม่เคยถูกคอมเมนท์

คอมเมนท์ทรัพยากรรายการนี้
  คอมเมนท์: อาการอัมพาตหรืออั..


 Copyright 2026. Bcnsprnw @Library